|
|
|
|
| LEADER |
00000cam a22000002c 4500 |
| 001 |
1840062231 |
| 003 |
DE-627 |
| 005 |
20250702091739.0 |
| 007 |
cr uuu---uuuuu |
| 008 |
230324s1987 xx |||||o 00| ||eng c |
| 024 |
7 |
|
|a 10.3886/ICPSR08693.v1
|2 doi
|
| 035 |
|
|
|a (DE-627)1840062231
|
| 035 |
|
|
|a (DE-599)KXP1840062231
|
| 040 |
|
|
|a DE-627
|b ger
|c DE-627
|e rda
|
| 041 |
|
|
|a eng
|
| 084 |
|
|
|a 2,1
|2 ssgn
|
| 110 |
2 |
|
|a United States Department of Justice. Office of Justice Programs. Bureau of Justice Statistics
|e VerfasserIn
|4 aut
|
| 245 |
1 |
0 |
|a National Crime Surveys: Reverse Record Check Studies: Washington, DC, San Jose, and Baltimore, 1970-1971
|
| 264 |
|
1 |
|a [Erscheinungsort nicht ermittelbar]
|b [Verlag nicht ermittelbar]
|c 1987
|
| 336 |
|
|
|a Text
|b txt
|2 rdacontent
|
| 337 |
|
|
|a Computermedien
|b c
|2 rdamedia
|
| 338 |
|
|
|a Online-Ressource
|b cr
|2 rdacarrier
|
| 520 |
|
|
|a These surveys were part of a series of pretests conducted during the early 1970s to reveal problems associated with doing a nationwide study on victimization. They were done to determine the most effective reference period to use when questioning respondents in order to gain the fullest and most reliable information, to measure the degree to which respondents move incidents occurring outside the reference period into that period when questioned, and to explore the possibility of identifying incidents by a few broad general questions as opposed to a series of more specific probing questions.
|
| 540 |
|
|
|a ICPSR Terms of Use
|
| 650 |
|
4 |
|a Assault
|
| 650 |
|
4 |
|a Crime
|
| 650 |
|
4 |
|a demographic characteristics
|
| 650 |
|
4 |
|a Households
|
| 650 |
|
4 |
|a Justice
|
| 650 |
|
4 |
|a Robbery
|
| 650 |
|
4 |
|a Victimization
|
| 655 |
|
7 |
|a Forschungsdaten
|0 (DE-588)1098579690
|0 (DE-627)857755366
|0 (DE-576)469182156
|2 gnd-content
|
| 787 |
0 |
8 |
|i Forschungsdaten zu
|a Lehnen, Robert G.
|t Current and Historical Perspectives
|d [Erscheinungsort nicht ermittelbar] : United States Department of Justice, Bureau of Justice Statistics, 1981
|w (DE-627)1912504081
|
| 787 |
0 |
8 |
|i Forschungsdaten zu
|a MacLean, Brian, 1950 -
|t A program of local crime survey research for Canada
|d University of Toronto Press, 1992
|w (DE-627)1912666634
|
| 856 |
4 |
0 |
|u https://doi.org/10.3886/ICPSR08693.v1
|x Resolving-System
|z kostenfrei
|3 Volltext
|7 0
|
| 935 |
|
|
|a mkri
|
| 951 |
|
|
|a BO
|
| ELC |
|
|
|a 1
|
| LOK |
|
|
|0 000 xxxxxcx a22 zn 4500
|
| LOK |
|
|
|0 001 4296809881
|
| LOK |
|
|
|0 003 DE-627
|
| LOK |
|
|
|0 004 1840062231
|
| LOK |
|
|
|0 005 20230324125314
|
| LOK |
|
|
|0 008 230324||||||||||||||||ger|||||||
|
| LOK |
|
|
|0 035
|a (DE-2619)ICPSR8693
|
| LOK |
|
|
|0 040
|a DE-2619
|c DE-627
|d DE-2619
|
| LOK |
|
|
|0 092
|o n
|
| LOK |
|
|
|0 852
|a DE-2619
|
| LOK |
|
|
|0 852 1
|9 00
|
| LOK |
|
|
|0 935
|a foda
|a nacj
|
| LOK |
|
|
|0 939
|a 24-03-23
|b l01
|
| OAS |
|
|
|a 1
|
| ORI |
|
|
|a SA-MARC-krimdoka001.raw
|